000 00259nam a22001217a 4500
008 170607b xxu||||| |||| 00| 0 eng d
041 _aeng
080 _a94(7/8)
100 _a18
101 _aSHH
245 _aTHE GROWING YEARS
_cCOIT,M.L
942 _2udc
_cBK
999 _c16316
_d16316